Down to Earth: an introduction to geology

Enregistré dans:
Détails bibliographiques
Auteurs principaux: Croneis, Carey (Auteur), Krumbein, William C (Auteur)
Format: Livre
Langue:anglais
Publié: Chicago University of Chicago 1936
Sujets:
Tags: Ajouter un tag
Pas de tags, Soyez le premier à ajouter un tag!

MARC

LEADER 00000nam a2200000 a 4500
001 UCU4586
003 CL-VaPUC
008 960524e19360000US |||||||||||||||||eng|d
082 0 4 |a 551  |b CRO  |2 21 
100 0 |a Croneis, Carey  |e author  |9 362268 
700 |a Krumbein, William C  |e author  |9 362269 
245 1 0 |a Down to Earth: an introduction to geology 
300 |a 501 p 
942 |c BK 
945 |d 19960524 00:00:00  |a cmena 
260 |a Chicago  |b University of Chicago  |c 1936 
650 0 |a Geología   |9 260984 
650 7 |a ESTRATIGRAFIA  |2 CL-VaPUC  |9 361507 
650 0 |a Rocas  |9 266105 
650 7 |a SEDIMENTOLOGIA  |2 CL-VaPUC  |9 361448 
650 0 |a Sismología  |9 268106 
650 0 |a Aguas subterráneas  |9 260378 
650 0 |a Vulcanología  |9 360597 
650 7 |a TIERRA PLANETA  |2 CL-VaPUC  |9 344500 
650 0 |a Climatología   |9 262302 
583 |a last modification  |c 19960524 00:00:00  |k Rodrigo Vera 
999 |c 248260  |d 248258 
952 |0 0  |1 0  |4 0  |6 551_000000000000000_CRO_1936  |7 0  |8 A  |9 264761  |a BIBING  |b BIBING  |d 2019-11-19  |i 1666967  |l 1  |m 1  |o 551 CRO 1936  |p 1666967  |r 2025-01-20  |s 2023-09-20  |w 2019-11-19  |y BK  |k GEO